The Frank Lloyd Wright collection of surimono / (Record no. 16332)

000 -LEADER
fixed length control field 01140cam a2200301 a 4500
020 ## - INTERNATIONAL STANDARD BOOK NUMBER
ISBN 0834803275 (Weatherhill)
020 ## - INTERNATIONAL STANDARD BOOK NUMBER
ISBN 0910407320 (Phoenix Art Museum)
040 ## - CATALOGING SOURCE
Transcribing agency DLC
082 00 - DEWEY DECIMAL CLASSIFICATION NUMBER
Classification number 769 WEA 1995 A087 Or.
100 1# - MAIN ENTRY--AUTHOR NAME
Personal name Mirviss, Joan B.
245 14 - TITLE STATEMENT
Title The Frank Lloyd Wright collection of surimono /
250 ## - EDITION STATEMENT
Edition statement 1st ed.
260 ## - PUBLICATION, DISTRIBUTION, ETC. (IMPRINT)
Place of publication New York :
Name of publisher Weatherhill ;
Place of publication Phoenix, Ariz. :
Name of publisher Phoenix Art Museum,
Year of publication 1995.
300 ## - PHYSICAL DESCRIPTION
Number of Pages x, 313 p. :
Other physical details ill. (some col.) ;
Dimensions 27 cm.
500 ## - GENERAL NOTE
General note "Published in conjunction with the exhibition, Frank Lloyd Wright and Japanese art, organized by the Phoenix Art Museum ... and held at Phoenix Art Museum, March 11 through June 11, 1995 and Los Angeles County Museum of Art, September 10, 1995 through January 7, 1996."
650 #0 - SUBJECT ADDED ENTRY--TOPICAL TERM
Topical Term Color prints, Japanese
650 #0 - SUBJECT ADDED ENTRY--TOPICAL TERM
Topical Term Miniature prints
650 #0 - SUBJECT ADDED ENTRY--TOPICAL TERM
Topical Term Ukiyoe
650 #0 - SUBJECT ADDED ENTRY--TOPICAL TERM
Topical Term Surimono
650 #0 - SUBJECT ADDED ENTRY--TOPICAL TERM
Topical Term Color prints
650 #0 - SUBJECT ADDED ENTRY--TOPICAL TERM
Topical Term Color prints
650 #0 - SUBJECT ADDED ENTRY--TOPICAL TERM
Topical Term Japanese poetry
700 1# - ADDED ENTRY--PERSONAL NAME
Personal name Wright, Frank Lloyd,
700 1# - ADDED ENTRY--PERSONAL NAME
Personal name Carpenter, John T.
710 2# - ADDED ENTRY--CORPORATE NAME
Corporate name or jurisdiction name as entry element Phoenix Art Museum.
710 2# - ADDED ENTRY--CORPORATE NAME
Corporate name or jurisdiction name as entry element Los Angeles County Museum of Art.
942 ## - ADDED ENTRY ELEMENTS (KOHA)
Koha item type សៀវភៅភាសាអង់គ្លេស
952 ## - LOCATION AND ITEM INFORMATION (KOHA)
Withdrawn status [LOCAL, KOHA] 0
Holdings
Permanent Location Date acquired Koha item type Lost status Shelving location Barcode Current Location Full call number
Library Block A2018-02-07សៀវភៅភាសាអង់គ្លេស A111A28696Library Block A769 WEA 1995 A111 Or.
មជ្ឈមណ្ឌលឯការនៃសាកលវិទ្យាល័យភូមិន្ទកសិកម្មចំការដូង

Powered by Koha